| 000 | 00000nam##2200000za#4500 |
| 001 | 9.568830 |
| 003 | CaOODSP |
| 005 | 20210624181452 |
| 007 | cr ||||||||||| |
| 008 | 150406|1998||||xxc|||||o f|0| 0 eng|d |
| 040 | |aCaOODSP|beng |
| 043 | |an-cn--- |
| 086 | 1 |aBT31-4/25-1998E-PDF |
| 110 | 1 |aCanada. |bTreasury Board. |
| 245 | 10|aCanadian Human Rights Commission, performance report for the period ending March 31, 1998 |h[electronic resource] |
| 246 | 3 |aEstimates |
| 260 | |aOttawa - Ontario : |bTreasury Board of Canada Secretariat |c[1998]. |
| 300 | |a27p.|borganization chart, tables |
| 490 | 1 |aPerformance report for the period ending March 31, 1998 |vFor the period ending March 31, 1998 |
| 500 | |aThe catalogue number (BT31-4/25-1998) and ISBN (0-660-60690-9) for the bilingual print edition have been incorrectly copied in this electronic publication. |
| 590 | |a10-15-Supp|b2010-12-10 |
| 775 | 08|tCommission canadienne des droits de la personne, rapport sur le rendement pour la période se terminant le 31 mars 1998 |w(CaOODSP)9.600094 |
| 776 | 0#|tCanadian Human Rights Commission|w(CaOODSP)9.531048 |
| 776 | 0#|tCommission canadienne des droits de la personne|w(CaOODSP)9.531049 |
| 830 | #0|aPerformance report for the period ending March 31, 1998 ;|vFor the period ending March 31, 1998|w(CaOODSP)9.506257 |
| 856 | 40|ahttp://publications.gc.ca|qPDF|s202 KB|uhttps://publications.gc.ca/collections/Collection/BT31-4-25-1998E.pdf|yFor the period ending March 31, 1998 |